000 00786nam a2200241 u 4500
005 20241203063741.0
008 080623s2006 r 000 0 eng d
020 _a1405465735
035 _aUPN01000157309
049 _aI
050 4 _aQL46
_bG3.3
100 1 _aGaneri, Anita,
_d1961-
_933204
245 1 0 _aAnimales salvajes /
_cAnita Ganeri, Clare Oliver, Denny Robson ; tr. MarĂ­a Pierce.
260 _aChina :
_bParragon Books,
_cc2006.
300 _a256 p. :
_bil. col.
440 0 _aPreguntas y respuestas
650 7 _aAnimales
_vLiteratura infantil
_2
_91061
650 4 _aZOOLOGIA -
_vLITERATURA INFANTIL
_911352
650 4 _aDinosaurios
_vLiteratura infantil
_99370
700 1 _aOliver, Clare
_ecoaut.
_938821
700 1 _aRobson, Denny,
_ecoaut.
905 _aInfantil
999 _c129423
_d129423